000
00210nam a2200097Ia 4500
008
240331s9999 xx 000 0 und d
082
_b
RIC
100
_a
Ritcharson,J
245
0
_a
Porin padippenaigal
942
_c
L
999
_c
4631
_d
4631